000 00818nam a2200205Ii 4500
003 JO-AjNU
008 230605s9999||||xx |||||||||||||| ||und||
040 _aJO-AjNU
_bara
_erda
_cJO-AjNU
041 _aara
050 1 4 _aHJ2005.W32 2018
100 3 _aالوادي، محمود حسين,
_eauthor
_958003
245 0 0 _aتنظيم الإدارة المالية من أجل ترشيد الإنفاق الحكومي ومكافحة الفساد
250 _aط2
264 3 1 _aعمان: دار صفاء للطباعة والنشر والتوزيع، 2018
300 _a327ص
336 _atext
_btxt
_2rdacontent
337 _aunmediated
_bn
_2rdamedia
338 _avolume
_bnc
_2rdacarrier
650 4 _aالنفقات العامة - الإدارة المالية - الفساد الإداري - مكافحة
_958004
999 _aA26025
_c29593
_d29593